00525 2200193 4500001002100000005001500021035002000036008004100056082000800097090001300105100001900118245008000137260003200217300002900249650001600278084001400294250001100308990001200319INLIS00000000000592320260509035023 a0010-0526000003260509 g 0 dut  a930 a92 SCH a0 aSCHIERBEEK, A.1 aAntoni van Leeuwenhoek : zijn leven en zijn werken. Deel I /cA. Schierbeek aLochem :bTijdstroom,c1950 a278 p. :bill. ;c25 cm. 4aBIOGRAPHIES a930 SCH a aDeel 1 a98 B 31